Manual de las Marías de los Sagrarios-Calvarios / (Record n. 35650)

Dettagli MARC
000 -LEADER
fixed length control field 00616nam a2200193 i 4500
003 - CONTROL NUMBER IDENTIFIER
control field IT-RoINE
005 - DATE AND TIME OF LATEST TRANSACTION
control field 20201215065712.0
008 - FIXED-LENGTH DATA ELEMENTS--GENERAL INFORMATION
fixed length control field 201215s1944 sp |||||r|||| 00| | spa d
100 0# - MAIN ENTRY--PERSONAL NAME
9 (RLIN) 4321
Personal name Manuel González García,
Titles and other words associated with a name Santo,
Dates associated with a name 1877-1940
245 10 - TITLE STATEMENT
Title Manual de las Marías de los Sagrarios-Calvarios /
Statement of responsibility, etc Manuel González, Obispo de Palencia.
250 ## - EDITION STATEMENT
Edition statement 14ª ed.
260 ## - PUBLICATION, DISTRIBUTION, ETC. (IMPRINT)
Place of publication, distribution, etc Palencia :
Name of publisher, distributor, etc El granito de arena,
Date of publication, distribution, etc 1944.
300 ## - PHYSICAL DESCRIPTION
Extent 171 p. ;
Dimensions 11 cm
336 ## - CONTENT TYPE
Source rdacontent
Content type term text
337 ## - MEDIA TYPE
Source rdamedia
Media type term unmediated
338 ## - CARRIER TYPE
Source rdacarrier
Carrier type term volume
650 #4 - SUBJECT ADDED ENTRY--TOPICAL TERM
9 (RLIN) 4218
Topical term or geographic name as entry element Literatura de devoción
942 ## - ADDED ENTRY ELEMENTS (KOHA)
Item type Monografías
Dati di copia
Withdrawn status Lost status Damaged status Not for loan Home library Current library Date acquired Total Checkouts Full call number Barcode Date last seen Price effective from Koha item type
        Iglesia Nacional Española en Roma Iglesia Nacional Española en Roma 15/12/2020   DEV.NOV 282 NOV-2459 15/12/2020 15/12/2020 Monografías